Upcoming Movies (2021 Edition) - Statistics

General Stats
  • This quiz has been taken 35 times
  • The average score is 9 of 20
Answer Stats
Company Actor Movie % Correct
Nintendo, Universal, Illumination Chris Pratt Mario
73%
Sony, Marvel, Disney Tom Holland, Zendaya, Benedict Cumberbatch, Jacob Batalon, Jon Favreau, Marisa Tomei, Alfred Molina, Willem DaFoe, Tobey Maguire, Andrew Garfield Spider-Man: No Way Home
73%
DC, Warner Bros. Robert Pattinson, Andy Serkis The Batman
69%
Disney, Marvel Chris Hemsworth, Natalie Portman, Christian Bale, Russell Crowe, Tessa Thompson, Taika Waititi Thor: Love and Thunder
69%
DC, Warner Bros. Ezra Miller, Michael Keaton, Ben Affleck The Flash
62%
Disney, Pixar Chris Evans Lightyear
58%
Marvel, Disney Letitia Wright, Danai Gurira Black Panther: Wakanda Forever
54%
Fox, Marvel, Disney Ryan Reynolds Deadpool 3
54%
Marvel, Disney Chris Pratt, Zoe Saldana, Bradley Cooper, Vin Diesel, Dave Bautista, Pom Klementieff, Karen Gillan, Elizabeth Debicki Guardians of the Galaxy Vol. 3
50%
Sony, Marvel Jared Leto, Matt Smith, Michael Keaton Morbius
50%
Marvel, Sony, Disney, Fox Benedict Cumberbatch, Benedict Wong, Elizabeth Olsen, Rachel McAdams, Chiewetel Ejiofor Doctor Strange in the Multiverse of Madness
46%
Universal Chris Pratt, Bryce Dallas Howard, Jeff Goldblum, Sam Neill, Laura Dern Jurassic World: Dominion
46%
Universal, Illumination Matthew McConaughey, Scarlett Johansson, Taron Edgerton, Seth MacFarlane Sing 2
46%
Paramount, Bad Robot Tom Cruise, Rebecca Ferguson, Jeremy Renner, Simon Pegg, Ving Rhames, Angela Bassett, Pom Klementieff Mission Impossible 7
38%
DC, Warner Bros. Zachary Levi, Asher Angel, Jack Dylan Grazer, Helen Mirren, Lucy Liu Shazam: Fury of the Gods
38%
Sony, Marvel Shameik Moore, Hailee Steinfeld, Jake Johnson, Nicolas Cage, Brian Tyree Henry Spider-Man Into the Spider-Verse 2
31%
Fox, Disney Zoe Saldana, Sam Worthington, Sigourney Weaver, Vin Diesel Avatar 2
27%
Universal, Illumination Steve Carell Minions: Rise of Gru
27%
Disney Ever Anderson, Alan Tudyk Peter Pan and Wendy
0%
Disney, Fox Zac Efron Three Men and A Baby
0%
No matching quizzes found
Score Distribution
Percent of People with Each Score
Percentile by Number Answered
Your Score History
You have not taken this quiz